=LDR 00000nam 2200000 4500 =001 INLIS000000000020740 =005 20130612115652 =008 ***********************************Ind** =035 ##$$0010-061300000020740 =041 ##$$a Ind =082 ##$$a 2x4 =090 ##$$a 2x4, Ali h =100 ##$$a Ali, Muhammad Daud =245 ##$$a Hukum islam, pengantar ilmu hukum dan tata hukum islam di Indonesia, Prof. H. Mohammad Daud Ali, SH =260 ##$$a 1993 $b Jakarta =300 ##$$a xv, 306 hlm, 21 cm =650 ##$$a Huku Islam =850 ##$$a NBPNMAT